000 00300nam a2200109Ia 4500
008 171211s9999 xx 000 0 und d
245 _aDiary of the Dark Years, 1940-1944
245 _cJean Guéhenno
260 _c2014
650 _xHistory
856 _uhttp://down.ebook777.com/062/9780199970865.pdf
999 _c348847
_d348847